000 004250000a22001690004500
003 MACL
005 20160108153712.0
008 160108b xxu||||| |||| 00| 0 eng d
040 _aMACL
_cMACL
041 _aEnglish
082 _a920/PAT
100 _aRminiscences
_929900
245 _aEvgeny Paton
260 _bForeign Languages Publishing House
_aMoscow
_c1953
650 _aBiography
_929901
942 _cBK
_k920/Rem
_2ddc
999 _c35002
_d35002